Online katalóg knižníc regiónu Turca

Vták bez krídel (Record no. 22376)

MARC details
000 -LEADER
fixed length control field 01846cam a2200505 a 4500
001 - CONTROL NUMBER
control field 22376
003 - CONTROL NUMBER IDENTIFIER
control field VRT
005 - DATE AND TIME OF LATEST TRANSACTION
control field 20260327081602.0
008 - FIXED-LENGTH DATA ELEMENTS--GENERAL INFORMATION
fixed length control field 240606s1994 xo e 0000f slo
015 ## - NATIONAL BIBLIOGRAPHY NUMBER
National bibliography number SNBA1994/05
020 ## - INTERNATIONAL STANDARD BOOK NUMBER
International Standard Book Number 8070942193
Qualifying information (viaz.)
035 ## - SYSTEM CONTROL NUMBER
System control number SNK000017821
039 #9 - LEVEL OF BIBLIOGRAPHIC CONTROL AND CODING DETAIL [OBSOLETE]
Level of rules in bibliographic description 202407011423
Level of effort used to assign nonsubject heading access points AUTHORITY
Level of effort used to assign subject headings 202407011421
Level of effort used to assign classification AUTHORITY
Level of effort used to assign subject headings 202407011348
Level of effort used to assign classification AUTHORITY
Level of effort used to assign subject headings 202406180904
Level of effort used to assign classification msnk180
040 ## - CATALOGING SOURCE
Original cataloging agency SNK
Language of cataloging slo
Transcribing agency SNK
Description conventions AACR2
041 1# - LANGUAGE CODE
Language code of text/sound track or separate title slo
Language code of original eng
044 ## - COUNTRY OF PUBLISHING/PRODUCING ENTITY CODE
MARC country code xo
ISO country code SK
072 #7 - SUBJECT CATEGORY CODE
Subject category code 821.111-3
Subject category code subdivision Anglická próza, anglicky písaná
Source konspekt
080 ## - UNIVERSAL DECIMAL CLASSIFICATION NUMBER
Universal Decimal Classification number 820-3
Edition identifier 1981
080 ## - UNIVERSAL DECIMAL CLASSIFICATION NUMBER
Universal Decimal Classification number (0:82-312.5)
Edition identifier 2011
080 ## - UNIVERSAL DECIMAL CLASSIFICATION NUMBER
Universal Decimal Classification number 82-311.4
Edition identifier 2011
100 1# - MAIN ENTRY--PERSONAL NAME
Personal name Cookson, Catherine,
Dates associated with a name 1906-1998
Relationship aut
240 14 - UNIFORM TITLE
Uniform title The Wingless Bird
Language of a work Slovensky
245 10 - TITLE STATEMENT
Title Vták bez krídel
Statement of responsibility, etc. Catherine Cookson ; prel. Vilma Šurinová, Ivan Krčméry, Jozef Genzor, Pavol Chorvát ; návrh prebalu a polepu Ján Hladík
250 ## - EDITION STATEMENT
Edition statement 1. vyd.
260 ## - PUBLICATION, DISTRIBUTION, ETC.
Place of publication, distribution, etc. Bratislava
Name of publisher, distributor, etc. Práca
Date of publication, distribution, etc. 1994
Place of manufacture Trnava
Manufacturer Polygrafické závody
300 ## - PHYSICAL DESCRIPTION
Extent 337 s.
Dimensions 20 cm
490 1# - SERIES STATEMENT
Series statement Triumf
Volume/sequential designation zv. 2/94
655 #7 - INDEX TERM--GENRE/FORM
Genre/form data or focus term anglické romány
Source of term SNKPH
655 #7 - INDEX TERM--GENRE/FORM
Genre/form data or focus term ľúbostné romány
Source of term SNKPH
655 #7 - INDEX TERM--GENRE/FORM
Genre/form data or focus term spoločenské romány
Source of term SNKPH
700 1# - ADDED ENTRY--PERSONAL NAME
Personal name Šurinová, Vilma,
Dates associated with a name 1922-
Relationship trl
700 1# - ADDED ENTRY--PERSONAL NAME
Personal name Krčméry, Ivan,
Dates associated with a name 1921-1997
Relationship trl
700 1# - ADDED ENTRY--PERSONAL NAME
Personal name Genzor, Jozef,
Dates associated with a name 1939-2019
Relationship trl
700 1# - ADDED ENTRY--PERSONAL NAME
Personal name Chorvát, Pavol
Relationship trl
700 1# - ADDED ENTRY--PERSONAL NAME
Personal name Hladík, Ján,
Dates associated with a name 1959-
Relationship bjk
830 #0 - SERIES ADDED ENTRY--UNIFORM TITLE
Uniform title Triumf
942 ## - ADDED ENTRY ELEMENTS (KOHA)
Source of classification or shelving scheme Dewey Decimal Classification
Koha item type Krásna literatúra pre dospelých
Suppress in OPAC No
949 ## - LOCAL PROCESSING INFORMATION (OCLC)
6 17A0193481
9 P60, <05>, [BOOK], {605}
a snkSC 85740 D1
949 ## - LOCAL PROCESSING INFORMATION (OCLC)
6 4710700977
9 1
a strmkB
b strmk2008/977
949 ## - LOCAL PROCESSING INFORMATION (OCLC)
6 270001000022270
a svkbbA 85759
b svkbbm 584331
p 584.331
949 ## - LOCAL PROCESSING INFORMATION (OCLC)
6 17A0995670
a snkSC 85740
949 ## - LOCAL PROCESSING INFORMATION (OCLC)
6 273K0196165
a svkpoA 162175
b svkpo399631
o PV 2020/94
Holdings
Stav vyradenia Strata Poškodenie Spôsob nadobudnutia Domovská knižnica Aktuálna knižnica Dátum nadobudnutia Total checkouts Čiarový kód exemplára Date last seen Typ exemplára
      Dar Obecná knižnica Turčianska Štiavnička Obecná knižnica Turčianska Štiavnička 27.03.2026   4738000773 27.03.2026 Krásna literatúra pre dospelých
Projekt je podporený Slovenskou asociáciou knižníc
Prevádzkuje Turčianska knižnica Martin 2026